000 00569ntaaa2200205 4500
003 01
005 20251027202059.0
008 0714s1973 ag 01
040 _aAR-BaBN
_bspa
_cAR-BaBN
_eaacr
_dRIC
082 _a252.0000 P27
245 _aProfessor in the pulpit
250 _a1 ed.
260 _aNashville :
_bBroadman Press,
_c1963
300 _ax, 150 p
500 _aSermons preached by the Faculty of the Southern Baptist Theological Seminary
650 _asermones
_9362
700 _aPatterson, W.M.
_919366
700 _aBrown, BN.B.
_919367
942 _cBK
999 _c15668
_d15668